<?xml version="1.0" encoding="UTF-8"?>
<record
    xmlns:xsi="http://www.w3.org/2001/XMLSchema-instance"
    xsi:schemaLocation="http://www.loc.gov/MARC21/slim http://www.loc.gov/standards/marcxml/schema/MARC21slim.xsd"
    xmlns="http://www.loc.gov/MARC21/slim">

  <leader>02720nam a22003137a 4500</leader>
  <controlfield tag="003">DO-SdBNP</controlfield>
  <controlfield tag="005">20220628114537.0</controlfield>
  <controlfield tag="008">171123b2008 sp a 00| 0 spa d</controlfield>
  <datafield tag="020" ind1=" " ind2=" ">
    <subfield code="a">9788484734673</subfield>
  </datafield>
  <datafield tag="040" ind1=" " ind2=" ">
    <subfield code="a">BPMSU</subfield>
    <subfield code="b">spa</subfield>
    <subfield code="c">BPMSU</subfield>
  </datafield>
  <datafield tag="082" ind1=" " ind2=" ">
    <subfield code="a">617.643 </subfield>
    <subfield code="b"> </subfield>
  </datafield>
  <datafield tag="245" ind1="0" ind2="0">
    <subfield code="a">Cirug&#xED;a bucal /</subfield>
    <subfield code="b">editores Cosme Gay Escoda, Leonardo Berini Ayt&#xE9;s ; pr&#xF3;logo Manuel Alfonso Villa Vigil</subfield>
  </datafield>
  <datafield tag="260" ind1=" " ind2=" ">
    <subfield code="a">Barcelona :</subfield>
    <subfield code="b">Oc&#xE9;ano / ergon,</subfield>
    <subfield code="c">2007.</subfield>
  </datafield>
  <datafield tag="300" ind1=" " ind2=" ">
    <subfield code="a">v. :</subfield>
    <subfield code="b">il. ;</subfield>
    <subfield code="c">29 cm.</subfield>
  </datafield>
  <datafield tag="500" ind1=" " ind2=" ">
    <subfield code="a">Incluye &#xED;ndice anal&#xED;tico</subfield>
  </datafield>
  <datafield tag="504" ind1=" " ind2=" ">
    <subfield code="a">Bibliograf&#xED;a : p. 653-687</subfield>
  </datafield>
  <datafield tag="505" ind1="0" ind2=" ">
    <subfield code="a">v. 1 : 1 La Cirug&#xED;a Bucal como especialidad Principios b&#xE1;sicos de la Cirug&#xED;a Bucal, Estudio cl&#xED;nico y radiol&#xF3;gico del paciente, Informaci&#xF3;n y consentimiento ; 2 Instrumental y material quir&#xFA;rgico, Asepsia y esterilizaci&#xF3;n ; 3 La intervenci&#xF3;n quir&#xFA;rgica, Estudios preoperatorios. Hemostasia ; 4 Tiempos operatorios en Cirug&#xED;a Bucal ; 5 T&#xE9;cnicas anest&#xE9;sicas en Cirug&#xED;a Bucal ; 6 Principios b&#xE1;sicos de la exodoncia ; 7 Extracci&#xF3;n de dientes permanentes en el maxilar superior y en la mand&#xED;bula ; 8 Extracci&#xF3;n de restos radiculares, Exodoncias complejas, Exodoncia quir&#xFA;rgica, Odontosecci&#xF3;n ; 9 Extracci&#xF3;n de dientes erupcionado en posici&#xF3;n ect&#xF3;pica, Exodoncias m&#xFA;ltiples. Alveoloplastia. Extracci&#xF3;n de dientes temporales ; 10 Accidentes y complicaciones de la exodoncia -- v. 2 : 11 Dientes incluidos. Causas de la inclusi&#xF3;n dentaria, Posibilidades terap&#xE9;uticas ante una inclusi&#xF3;n dentaria ; 12 Cordales incluidos. Patolog&#xED;a, cl&#xED;nica y tratamiento del tercer molar incluido ; 13 Cordales incluidos. Exodoncia quir&#xFA;rgica, Complicaciones ; 14 Caninos incluidos. Patolog&#xED;a,cl&#xED;nica y tratamiento ; 15 Otras inclusiones dentarias, Mesiodens y otros dientes supernumerarios. Dientes temporales supernumerarios. Dientes temporales incluidos ; 16 Tratamiento ortod&#xF3;ncico-quir&#xFA;rgico de los dientes incluidos ; 17 Frenillos bucales ; 18 La infecci&#xF3;n odontog&#xE9;nica: concepto,etiopatogenia, bacteriolog&#xED;a y cl&#xED;nica ; 19 V&#xED;as de propagaci&#xF3;n de la infecci&#xF3;n odontog&#xE9;nica ; 20 Normas generales de tratamiento de la infecci&#xF3;n odontog&#xE9;nica. Antibioticoterapia. Profilaxis de las infecciones postquir&#xFA;rgica y a distancia ; 21 Tratamiento quir&#xFA;rgico de la infecci&#xF3;n odontog&#xE9;nica ; Bibliograf&#xED;a &#xED;ndice anal&#xED;tico.</subfield>
    <subfield code="8"> </subfield>
  </datafield>
  <datafield tag="590" ind1=" " ind2=" ">
    <subfield code="6">Inventariado, 2022/VM</subfield>
  </datafield>
  <datafield tag="650" ind1=" " ind2="4">
    <subfield code="a">Odontolog&#xED;a.</subfield>
  </datafield>
  <datafield tag="650" ind1=" " ind2="4">
    <subfield code="a">Cirug&#xED;a dental.</subfield>
  </datafield>
  <datafield tag="650" ind1=" " ind2="4">
    <subfield code="a">Estomatolog&#xED;a.</subfield>
  </datafield>
  <datafield tag="700" ind1="1" ind2=" ">
    <subfield code="a">Gay Escoda, Cosme,</subfield>
    <subfield code="e">editor </subfield>
  </datafield>
  <datafield tag="700" ind1="1" ind2=" ">
    <subfield code="a">Berini Ayt&#xE9;s, Leonardo,</subfield>
    <subfield code="e">editor </subfield>
  </datafield>
  <datafield tag="700" ind1="1" ind2=" ">
    <subfield code="a">Villa Vigil, Manuel Alfonso,</subfield>
    <subfield code="e">pr&#xF3;logo </subfield>
  </datafield>
  <datafield tag="710" ind1="2" ind2=" ">
    <subfield code="a">Oc&#xE9;ano </subfield>
  </datafield>
  <datafield tag="942" ind1=" " ind2=" ">
    <subfield code="2">ddc</subfield>
    <subfield code="c">BK</subfield>
  </datafield>
  <datafield tag="945" ind1=" " ind2=" ">
    <subfield code="a">Inventario extranjero / 2017 BT</subfield>
  </datafield>
  <datafield tag="952" ind1=" " ind2=" ">
    <subfield code="0">0</subfield>
    <subfield code="1">0</subfield>
    <subfield code="2">ddc</subfield>
    <subfield code="4">0</subfield>
    <subfield code="7">0</subfield>
    <subfield code="8">CG</subfield>
    <subfield code="a">BPMET</subfield>
    <subfield code="b">BPMET</subfield>
    <subfield code="d">2017-11-23</subfield>
    <subfield code="e">COMPRA</subfield>
    <subfield code="o">BPMSU CG 617.643 C578b 2007</subfield>
    <subfield code="p">BPMSU17110367</subfield>
    <subfield code="r">2017-11-23</subfield>
    <subfield code="t">v. 1</subfield>
    <subfield code="w">2017-11-23</subfield>
    <subfield code="y">BK</subfield>
  </datafield>
  <datafield tag="952" ind1=" " ind2=" ">
    <subfield code="0">0</subfield>
    <subfield code="1">0</subfield>
    <subfield code="2">ddc</subfield>
    <subfield code="4">0</subfield>
    <subfield code="7">0</subfield>
    <subfield code="8">CG</subfield>
    <subfield code="a">BPMET</subfield>
    <subfield code="b">BPMET</subfield>
    <subfield code="d">2017-11-23</subfield>
    <subfield code="e">COMPRA</subfield>
    <subfield code="o">BPMSU CG 617.643 C578b 2007</subfield>
    <subfield code="p">BPMSU17110368</subfield>
    <subfield code="r">2017-11-23</subfield>
    <subfield code="t">v. 1, e. 2</subfield>
    <subfield code="w">2017-11-23</subfield>
    <subfield code="y">BK</subfield>
  </datafield>
  <datafield tag="952" ind1=" " ind2=" ">
    <subfield code="0">0</subfield>
    <subfield code="1">0</subfield>
    <subfield code="2">ddc</subfield>
    <subfield code="4">0</subfield>
    <subfield code="7">0</subfield>
    <subfield code="8">CG</subfield>
    <subfield code="a">BPMET</subfield>
    <subfield code="b">BPMET</subfield>
    <subfield code="d">2017-11-23</subfield>
    <subfield code="e">COMPRA</subfield>
    <subfield code="o">BPMSU CG 617.643 C578b 2007</subfield>
    <subfield code="p">BPMSU17110369</subfield>
    <subfield code="r">2017-11-23</subfield>
    <subfield code="t">v. 2</subfield>
    <subfield code="w">2017-11-23</subfield>
    <subfield code="y">BK</subfield>
  </datafield>
  <datafield tag="952" ind1=" " ind2=" ">
    <subfield code="0">0</subfield>
    <subfield code="1">0</subfield>
    <subfield code="2">ddc</subfield>
    <subfield code="4">0</subfield>
    <subfield code="7">0</subfield>
    <subfield code="8">CG</subfield>
    <subfield code="a">BPMET</subfield>
    <subfield code="b">BPMET</subfield>
    <subfield code="d">2017-11-23</subfield>
    <subfield code="e">COMPRA</subfield>
    <subfield code="o">BPMSU CG 617.643 C578b 2007</subfield>
    <subfield code="p">BPMSU17110370</subfield>
    <subfield code="r">2017-11-23</subfield>
    <subfield code="t">v. 2, e. 2</subfield>
    <subfield code="w">2017-11-23</subfield>
    <subfield code="y">BK</subfield>
  </datafield>
  <datafield tag="956" ind1=" " ind2=" ">
    <subfield code="a">BTAVAREZ</subfield>
    <subfield code="b">10</subfield>
    <subfield code="c">20111123</subfield>
    <subfield code="d">0038</subfield>
  </datafield>
  <datafield tag="999" ind1=" " ind2=" ">
    <subfield code="c">13045</subfield>
    <subfield code="d">13045</subfield>
  </datafield>
</record>
